Beyoncé - BREAK MY SOUL (Lyrics) - Statistics

General Stats
  • This quiz has been taken 307 times
  • The average score is 351 of 500
Answer Stats
Answer % Correct
break
98%
my
98%
so
98%
You
98%
you
98%
soul
96%
soul)
96%
soul,
96%
I
95%
won't
95%
a
90%
I'm
84%
go
82%
everybody
81%
Everybody
81%
Everybody,
81%
in
80%
In
80%
the
79%
The
79%
And
77%
and
77%
just
77%
love
77%
love,
77%
tellin'
74%
Tellin'
74%
at
73%
job
72%
job,
72%
me
72%
new
72%
real
72%
fell
71%
your
71%
found
70%
no
69%
no,
69%
of
69%
quit
69%
that
69%
That,
69%
That
69%
to
69%
work
69%
Work
69%
foundation,
68%
night
68%
night)
68%
by
67%
hard
66%
oh,
66%
Oh,
66%
sleep
66%
be
65%
Damn,
65%
damn
65%
for
65%
can
64%
motivation
64%
Release
64%
release
64%
they
64%
five
63%
gonna
62%
we
62%
We
62%
baby,
61%
baby
61%
nine
61%
why
60%
back
59%
find
59%
is
59%
off
59%
past
59%
vibration
59%
on
58%
own
58%
ya
58%
yeah
58%
mind
57%
That's
56%
up,
56%
up
56%
build
55%
good
55%
(Good
55%
it,
55%
it
55%
lookin'
55%
forget
54%
lost
54%
Then
54%
cannot
53%
nerves
53%
buildin'
51%
'cause
51%
drive
51%
outside
51%
outside,
51%
take
51%
wiggle
51%
yak
51%
'bout
50%
peopple
50%
rest
50%
stress
50%
explode,
49%
house
49%
whole
49%
Bey
48%
down
48%
down,
48%
hair
48%
lot
48%
mouth
48%
queens
48%
sleepin'
48%
this
48%
but
46%
Hold
46%
Ain't
45%
ain't
45%
all
45%
let
45%
front
44%
how
44%
with
44%
make
43%
case
42%
act
41%
(Can't
41%
mask
41%
salvation
41%
smoke
41%
Tryin'
41%
Got
39%
hoodie
39%
load
39%
'round
39%
('Round
39%
Searchin'
39%
takin'
39%
anger,
38%
Doms
38%
don't
38%
circles,
37%
circles
37%
circles)
37%
inside
37%
know
37%
said
37%
time
37%
Worldwide
37%
see
36%
lives
35%
snapped
35%
something
35%
There's
35%
yaka...
35%
Now,
34%
clique
33%
Looking
33%
I'll
32%
not
31%
trade,
31%
Bend
29%
bust
29%
If
29%
I'ma
29%
open,
29%
done
28%
flicks
28%
have
28%
yours
28%
seek
27%
justify
26%
fake
25%
never
25%
less
22%
makes
22%
think
22%
No matching quizzes found
Score Distribution
Percent of People with Each Score
Percentile by Number Answered
Your Score History
You have not taken this quiz